000 00369nam a2200157Ia 4500
005 20250603145133.0
008 250603s9999 xx 000 0 und d
020 _a9781564960375
050 _aNA 2795 .P66/
100 _aPoore, Jonathan
245 0 _aInterior Colour by Design
260 _bRockport Publishers
260 _c2022
300 _a155 p
942 _cBK
999 _c40987
_d40987